1950s Celebrities by Picture #1 - Statistics

General Stats
  • This quiz has been taken 51,375 times
  • The average score is 8 of 16
Answer Stats
Picture Answer % Correct
Elvis Presley
99%
Frank Sinatra
79%
Mao Zedong
77%
Audrey Hepburn
75%
Dwight Eisenhower
69%
James Dean
67%
Chuck Berry
53%
Sophia Loren
47%
Paul Newman
46%
Cary Grant
38%
Gregory Peck
34%
Zsa Zsa Gabor
28%
Mickey Mantle
24%
Jackie Gleason
20%
Lawrence Welk
16%
Donna Reed
13%
No matching quizzes found
Score Distribution
Percent of People with Each Score
Percentile by Number Answered
Your Score History
You have not taken this quiz